000 00390nam a22001457a 4500
999 _c197539
_d197539
008 230824b ||||| |||| 00| 0 eng d
082 _a000-KAL
100 _aChona, Shayama
245 _aKaleidoscope India, The Indian Quiz book
_hEnglish
260 _aDelhi
_bA.I.C.B.
_cRohini
270 _aA.I.C.B. Rohini, Delhi
300 _a12x13
490 _v1-2
942 _2ddc
_cBRLEN
_k000
_mKAL